000 00795nam a2200301Ia 4500
001 41503
003 IT-RoPAU
008 130308s9999 xx 000 0 und d
040 _aIT-RoPAU
040 _cIT-RoPAU
041 _aFRANCESE
100 _aHuisman Denis
100 _gCodice Aut. SPICS: 17512
245 _aGrand public (Le)
245 _bTraite' de Relations Publiques
250 _a1a ed.
260 _aPARIS
260 _bPresses Universitaires France
260 _c1981 [1° Ed.:1981 - Ed.Ling.Originale:1981]
300 _a"7 p. (prefazione: no ; testo: 7 [pagine: 142-148])"
500 _aGrande Pubblico
650 _aTEORICHE DELLE relazioni PUBBLICHE
650 _eCodice materia Spics: 6405
942 _cBK
957 _71
999 _c49071
_d49071
999 _bSI
999 _g1